000 00790nam a22002532a 4500
001 50374
003 BD-RjUL
005 20211209075511.0
008 160824s1969 enk b 001 0 eng d
035 _a(BD-RjUL)50494
040 _aDLC
_cDLC
_dUKM
_dBD-RjUL
_dEQO
_beng
041 _aeng
082 _a428.24
_bLEE 1969
100 1 _aLee, William Rowland.
_9150957
245 1 0 _aEnglish at home /
_cby W. R. Lee
250 _aClass ed.
260 _aLondon :
_bOxford University Press ;
_bEnglish Language Book Society,
_cc1966 [1969]
300 _axiv, 273 p. ;
_c19 cm.
504 _aBibliography: p. 273
650 0 _aEnglish language
_vTextbooks for foreign speakers
_9117011
650 0 _aEnglish language
_vSelf-instruction
_9150958
942 _2ddc
_cBK
999 _c50374
_d50374